[Event "32nd WCh U20 Girls"]
[Site "Pune IND"]
[Date "2014.10.18"]
[Round "12.20"]
[White "Varshini, Velavan"]
[Black "Hinduja, Reddy"]
[Result "1/2-1/2"]
[WhiteElo "2040"]
[BlackElo "1934"]
[EventDate "2014.10.06"]
[PlyCount "114"]

1.e4 c5 2.Nc3 d6 3.g3 g6 4.Bg2 Bg7 5.d3 Nc6 6.Be3 Nf6 7.h3 O-O 8.Nge2 Rb8 
9.f4 Bd7 10.O-O e6 11.g4 Ne8 12.Ng3 f5 13.g5 b5 14.Qd2 b4 15.Nd1 Nc7 16.h4
a5 17.c3 bxc3 18.bxc3 Qe7 19.d4 cxd4 20.cxd4 e5 21.dxe5 dxe5 22.Rc1 Rfd8 
23.exf5 gxf5 24.Qc2 e4 25.Nxf5 Bxf5 26.Qxc6 Nd5 27.Kh2 Qf7 28.Qc2 Nb4 29.
Qc4 Qxc4 30.Rxc4 Nxa2 31.Rc5 Bg4 32.Nf2 Be2 33.Re1 Bd3 34.Nxd3 exd3 35.
Bd5+ Kh8 36.Rxa5 Nc3 37.Bf3 d2 38.Bxd2 Rxd2+ 39.Kg3 Rbd8 40.Re7 Bd4 41.Rf5
Bf2+ 42.Kg4 R2d7 43.Rff7 Rxe7 44.Rxe7 Nd5 45.Bxd5 Rxd5 46.h5 Bd4 47.f5 Kg8
48.h6 Bc3 49.g6 hxg6 50.fxg6 Rd8 51.Kf5 Rf8+ 52.Rf7 Rxf7+ 53.gxf7+ Kxf7 
54.h7 Bg7 55.Kg5 Bh8 56.Kf5 Kg7 57.Ke6 Kxh7 1/2-1/2

[Event "32nd WCh U20 Girls"]
[Site "Pune IND"]
[Date "2014.10.18"]
[Round "12.21"]
[White "Madhurima, Shekhar"]
[Black "Tarini, Goyal"]
[Result "0-1"]
[WhiteElo "2000"]
[BlackElo "1868"]
[EventDate "2014.10.06"]
[PlyCount "76"]

1.e4 c5 2.Nf3 Nc6 3.d4 cxd4 4.Nxd4 g6 5.c4 Bg7 6.Be3 Nf6 7.Nc3 O-O 8.Be2 
d6 9.O-O Bd7 10.Nc2 a6 11.Rc1 Rc8 12.f3 Ne5 13.c5 dxc5 14.f4 Neg4 15.e5 
Nxe3 16.Nxe3 Ne8 17.Rc2 e6 18.Rd2 Rc7 19.Nb5 axb5 20.Bxb5 f6 21.Bxd7 Qe7 
22.Nc4 Bh6 23.Rd3 Ng7 24.Na3 c4 25.Rd6 fxe5 26.Nb5 Rc5 27.Re1 Bxf4 28.g3 
Bh6 29.Nc3 Ra5 30.a3 Ra6 31.Rxa6 bxa6 32.Bc6 Qc5+ 33.Kh1 Qxc6+ 34.Ne4 Ne8 
35.Kg1 Qb6+ 36.Kh1 Qb7 37.Kg1 Qxb2 38.Qd7 Qd4+ 0-1

[Event "32nd WCh U20 Girls"]
[Site "Pune IND"]
[Date "2014.10.18"]
[Round "12.22"]
[White "Shweta, Gole"]
[Black "Sviridova, Vlada"]
[Result "1/2-1/2"]
[WhiteElo "1881"]
[BlackElo "2069"]
[EventDate "2014.10.06"]
[PlyCount "84"]

1.d4 d5 2.Nf3 Nf6 3.c4 c6 4.e3 Bg4 5.Qb3 Qb6 6.Ne5 Bf5 7.Nc3 e6 8.c5 Qc7 
9.Nf3 b6 10.cxb6 axb6 11.Bd2 Nbd7 12.Rc1 Qb7 13.Be2 Bd6 14.O-O h6 15.a3 
O-O 16.Nh4 Bh7 17.f4 c5 18.Qd1 Ne4 19.Nf3 Ndf6 20.Nb5 Be7 21.Ne5 Nxd2 22.
Qxd2 Ne4 23.Qe1 f6 24.Nf3 c4 25.b3 Bxa3 26.Ra1 Bb2 27.Rxa8 Qxa8 28.bxc4 
Qa4 29.Qd1 Qb4 30.cxd5 exd5 31.Bd3 Rc8 32.Ne1 f5 33.Nc2 Qb3 34.Qe2 Nc3 35.
Nxc3 Rxc3 36.Rd1 Bg6 37.g4 b5 38.gxf5 Bf7 39.f6 gxf6 40.Kf2 Kf8 41.Ne1 Bc1
42.Nc2 Bb2 1/2-1/2

[Event "32nd WCh U20 Girls"]
[Site "Pune IND"]
[Date "2014.10.18"]
[Round "12.23"]
[White "Ivekovic, Tihana"]
[Black "Sunyasakta, Satpathy"]
[Result "1-0"]
[WhiteElo "2122"]
[BlackElo "1926"]
[EventDate "2014.10.06"]
[PlyCount "71"]

1.d4 d5 2.c4 c6 3.Nc3 Nf6 4.Nf3 e6 5.e3 Nbd7 6.Qc2 Be7 7.Bd3 dxc4 8.Bxc4 
b5 9.Bd3 Bb7 10.a3 O-O 11.O-O a6 12.b4 Bd6 13.Bb2 Re8 14.Ne4 Nxe4 15.Bxe4 
h6 16.Ne5 Rc8 17.f4 Nb6 18.Bh7+ Kf8 19.Nxf7 Kxf7 20.Qg6+ Kf8 21.f5 Qg5 22.
fxe6+ Ke7 23.Rf7+ Kd8 24.Qxg5+ hxg5 25.Rxb7 Bc7 26.Rf1 Nc4 27.Rf7 Re7 28.
Rf8+ Re8 29.e7+ Kxe7 30.Rxe8+ Rxe8 31.Rxc7+ Kd6 32.Rxg7 Nxb2 33.e4 Nc4 34.
Bf5 Re7 35.e5+ Rxe5 36.Rd7# 1-0

[Event "32nd WCh U20 Girls"]
[Site "Pune IND"]
[Date "2014.10.18"]
[Round "12.24"]
[White "Vantika, Agrawal"]
[Black "Azimova, Karina"]
[Result "0-1"]
[WhiteElo "1842"]
[BlackElo "2063"]
[EventDate "2014.10.06"]
[PlyCount "61"]

1.d4 Nf6 2.Nf3 d5 3.c4 e6 4.g3 dxc4 5.Bg2 c5 6.Qa4+ Bd7 7.Qxc4 Nc6 8.O-O 
cxd4 9.Nxd4 Rc8 10.Nc3 Nxd4 11.Qxd4 Bc5 12.Qh4 h6 13.Bxb7 Rb8 14.Bf3 Rb4 
15.Qh3 e5 16.Qg2 O-O 17.Rd1 Qc8 18.a3 Rb6 19.e3 Bh3 20.Qh1 Rd8 21.Rxd8+ 
Qxd8 22.b4 Qd3 23.Bb2 Bxe3 24.Rd1 Bxf2+ 25.Kxf2 Qc2+ 26.Ne2 Qxb2 27.Rd8+ 
Kh7 28.Be4+ g6 29.Bd3 Ng4+ 30.Kf3 Rf6+ 31.Ke4 0-1

[Event "32nd WCh U20 Girls"]
[Site "Pune IND"]
[Date "2014.10.18"]
[Round "12.25"]
[White "Munoz, Claudia"]
[Black "Liu Manli"]
[Result "1-0"]
[WhiteElo "1906"]
[BlackElo "2039"]
[EventDate "2014.10.06"]
[PlyCount "87"]

1.d4 d5 2.c4 e6 3.Nc3 Nf6 4.Nf3 Be7 5.Bf4 O-O 6.e3 c6 7.cxd5 exd5 8.Bd3 
Nbd7 9.h3 Re8 10.O-O Nf8 11.Ne5 Ng6 12.Bh2 Bd6 13.f4 a6 14.Qd2 c5 15.a4 b6
16.Rae1 Bb7 17.Qf2 Qc7 18.Kh1 Rad8 19.g4 cxd4 20.exd4 Ne4 21.Qc2 Rc8 22.
Rc1 Nxc3 23.bxc3 Nf8 24.g5 Kh8 25.Qf2 Re7 26.Qh4 Kg8 27.Ng4 Ng6 28.Qh5 
Rce8 29.f5 Bxh2 30.Nf6+ gxf6 31.gxf6 Bf4 32.fxe7 Rxe7 33.Rce1 Rxe1 34.Rxe1
Qxc3 35.Re8+ Kg7 36.fxg6 fxg6 37.Re7+ Kf6 38.Qh4+ Bg5 39.Qxh7 Qc1+ 40.Kg2 
Qd2+ 41.Be2 Bf4 42.Qg7+ Kg5 43.h4+ Kxh4 44.Qxg6 1-0

[Event "32nd WCh U20 Girls"]
[Site "Pune IND"]
[Date "2014.10.18"]
[Round "12.26"]
[White "Bengtsson, Jessica"]
[Black "Divya Lakshmi, R."]
[Result "1/2-1/2"]
[WhiteElo "1943"]
[BlackElo "1905"]
[EventDate "2014.10.06"]
[PlyCount "97"]

1.e4 c5 2.c3 d5 3.exd5 Qxd5 4.d4 Nc6 5.Nf3 Bg4 6.Be2 e6 7.h3 Bh5 8.c4 Qd7 
9.d5 Bxf3 10.Bxf3 Nd4 11.O-O Nf6 12.Nc3 Bd6 13.Re1 O-O 14.Be3 exd5 15.Bxd4
cxd4 16.Qxd4 dxc4 17.Rad1 Rfd8 18.Qxc4 Qc7 19.Qxc7 Bxc7 20.Re7 Bb6 21.Rxb7
Rxd1+ 22.Bxd1 Rd8 23.Bb3 Rd7 24.Rb8+ Rd8 25.Rxd8+ Bxd8 26.Nb5 Bb6 27.Nd6 
Kf8 28.Kf1 Bd4 29.Nxf7 Ne4 30.Ke2 Bxb2 31.Nd8 a5 32.f3 Nc5 33.Bc2 h6 34.
Kd2 Be5 35.Nc6 Bc7 36.Kc3 Nd7 37.Kd4 Kf7 38.Bd3 Kf6 39.Bb5 Ne5 40.Nxe5 
Bxe5+ 41.Ke4 g5 42.Be8 Bg3 43.Bh5 Bc7 44.h4 Bg3 45.hxg5+ hxg5 46.Bg4 Bc7 
47.Ke3 Bg3 48.Ke2 Ke5 49.Ke3 1/2-1/2

[Event "32nd WCh U20 Girls"]
[Site "Pune IND"]
[Date "2014.10.18"]
[Round "12.27"]
[White "Aakanksha, Hagawane"]
[Black "Tejaswini, Sagar"]
[Result "1/2-1/2"]
[WhiteElo "1918"]
[BlackElo "1876"]
[EventDate "2014.10.06"]
[PlyCount "70"]

1.e4 d5 2.exd5 Nf6 3.d4 Nxd5 4.c4 Nb6 5.Nf3 g6 6.Nc3 Bg7 7.c5 Nd5 8.Bc4 
Nxc3 9.bxc3 O-O 10.O-O b6 11.Ba3 Bb7 12.Re1 Bf6 13.Ne5 Bd5 14.Bxd5 Qxd5 
15.Ng4 b5 16.c6 Rc8 17.Bxe7 Bg7 18.Ne5 Nxc6 19.Nxc6 Qxc6 20.Qd3 Qd5 21.Bc5
a6 22.a3 Re8 23.Qg3 c6 24.h3 Bf8 25.Rxe8 Rxe8 26.Bxf8 Kxf8 27.a4 c5 28.
dxc5 Qxc5 29.axb5 axb5 30.Qd3 Rc8 31.Rb1 Qxc3 32.Qxb5 Kg7 33.Qb2 Qxb2 34.
Rxb2 Rc1+ 35.Kh2 Rc3 1/2-1/2

[Event "32nd WCh U20 Girls"]
[Site "Pune IND"]
[Date "2014.10.18"]
[Round "12.28"]
[White "Supriya, Joshi"]
[Black "Barbosa, Larissa Ichimura"]
[Result "1/2-1/2"]
[WhiteElo "1857"]
[BlackElo "1975"]
[EventDate "2014.10.06"]
[PlyCount "65"]

1.e4 e6 2.d4 d5 3.Nd2 Nf6 4.e5 Nfd7 5.Bd3 c5 6.c3 Nc6 7.Ngf3 g6 8.h4 h6 9.
O-O g5 10.h5 Qb6 11.dxc5 Bxc5 12.Nb3 g4 13.Nxc5 Nxc5 14.Nd4 Nxe5 15.Bb5+ 
Bd7 16.Bf4 Bxb5 17.Bxe5 Rg8 18.Nxb5 Qxb5 19.b4 Ne4 20.Qd4 Qb6 21.Qxb6 axb6
22.a4 Rg5 23.Bd4 Nd2 24.Be3 Nxf1 25.Bxg5 hxg5 26.Kxf1 Kd7 27.Ke2 Rh8 28.
Rh1 Rh6 29.Kd3 e5 30.c4 d4 31.a5 bxa5 32.bxa5 f6 33.Ke4 1/2-1/2

[Event "32nd WCh U20 Girls"]
[Site "Pune IND"]
[Date "2014.10.18"]
[Round "12.29"]
[White "Salonika, Saina"]
[Black "Zarkovic, Mila"]
[Result "0-1"]
[WhiteElo "1737"]
[BlackElo "2136"]
[EventDate "2014.10.06"]
[PlyCount "66"]

1.e4 c5 2.Nc3 e6 3.f4 Nc6 4.Nf3 a6 5.d3 d5 6.g3 Nf6 7.Bg2 Be7 8.O-O O-O 9.
Kh1 b5 10.e5 Nd7 11.Ne2 Bb7 12.c3 a5 13.g4 b4 14.c4 Nb6 15.b3 a4 16.Be3 d4
17.Bd2 Qc7 18.Qc2 Ra7 19.Qb2 Rfa8 20.a3 Na5 21.Nc1 axb3 22.Qb1 bxa3 23.
Rxa3 b2 24.Ne2 Naxc4 25.Rxa7 Rxa7 26.dxc4 Nxc4 27.Qc2 Ra1 28.Ng3 Bxf3 29.
Bxf3 Nxd2 30.Qxb2 Rxf1+ 31.Nxf1 Nxf3 32.Kg2 Nh4+ 33.Kg3 h6 0-1

[Event "32nd WCh U20 Girls"]
[Site "Pune IND"]
[Date "2014.10.18"]
[Round "12.30"]
[White "Ananya, Suresh"]
[Black "Fransson, Angelina"]
[Result "1/2-1/2"]
[WhiteElo "1853"]
[BlackElo "2019"]
[EventDate "2014.10.06"]
[PlyCount "104"]

1.e4 c5 2.Nf3 d6 3.d4 cxd4 4.Nxd4 Nf6 5.Nc3 e6 6.g4 h6 7.h4 Nc6 8.Rg1 h5 
9.gxh5 Nxh5 10.Bg5 Nf6 11.Qd2 Qb6 12.Nb3 a6 13.O-O-O Bd7 14.Qe1 Qc7 15.f4 
Nh7 16.Bh3 Nxg5 17.fxg5 Ne5 18.Qf2 O-O-O 19.Kb1 Kb8 20.Bf1 Rc8 21.Be2 g6 
22.Rh1 Be7 23.Rh2 Ka8 24.Rdh1 b5 25.Qd4 Qa7 26.Rh3 Bc6 27.a3 Qxd4 28.Nxd4 
Bb7 29.Rg3 Rh7 30.h5 gxh5 31.Rxh5 Rg7 32.Nf3 Nxf3 33.Bxf3 Rcg8 34.e5 d5 
35.g6 Rxg6 36.Rxg6 Rxg6 37.Rh8+ Ka7 38.Rh7 Bc5 39.Rxf7 Kb6 40.Ne2 Rg5 41.
Nf4 Rxe5 42.Rf6 Re1+ 43.Ka2 Rf1 44.Be2 Rxf4 45.Rxf4 Kc6 46.Rf6 Bc8 47.Bg4 
Kd6 48.Rf8 Kc7 49.Rxc8+ Kxc8 50.Bxe6+ Kc7 51.Bxd5 Kb6 52.Kb3 a5 1/2-1/2

[Event "32nd WCh U20 Girls"]
[Site "Pune IND"]
[Date "2014.10.18"]
[Round "12.31"]
[White "Krumova, Ani"]
[Black "Hilmi, Parveen"]
[Result "1/2-1/2"]
[WhiteElo "1998"]
[BlackElo "1757"]
[EventDate "2014.10.06"]
[PlyCount "82"]

1.Nf3 d5 2.g3 Nf6 3.Bg2 e6 4.O-O Be7 5.d3 O-O 6.Nbd2 b6 7.e4 Bb7 8.e5 Nfd7
9.Re1 c5 10.Nf1 Nc6 11.h4 Re8 12.N1h2 f6 13.Bh3 Nf8 14.exf6 Bxf6 15.Bg5 e5
16.Ng4 Bxg5 17.Nxg5 Qc7 18.h5 h6 19.Nf3 Rad8 20.Nh4 Bc8 21.Bg2 Be6 22.c3 
Nd7 23.Bf3 Nf8 24.Qc1 Nh7 25.Nh2 Nf6 26.Ng6 Bf7 27.g4 Nh7 28.Nh4 Ng5 29.
Bg2 e4 30.dxe4 dxe4 31.f4 exf3 32.N4xf3 Nxf3+ 33.Nxf3 Ne5 34.Qf4 Nxf3+ 35.
Qxf3 Rxe1+ 36.Rxe1 Bxa2 37.Qe2 Bf7 38.Qe7 Rd7 39.Qe3 Kf8 40.Rf1 Re7 41.Qd3
Kg8 1/2-1/2

[Event "32nd WCh U20 Girls"]
[Site "Pune IND"]
[Date "2014.10.18"]
[Round "12.32"]
[White "Gagare, Shalmali"]
[Black "Anjana Krishna, S."]
[Result "1/2-1/2"]
[WhiteElo "2088"]
[BlackElo "1889"]
[EventDate "2014.10.06"]
[PlyCount "62"]

1.d4 d5 2.c4 e6 3.Nf3 Nf6 4.g3 Be7 5.Bg2 O-O 6.O-O Nbd7 7.Qc2 b6 8.cxd5 
exd5 9.Bf4 c5 10.Ne5 Bb7 11.dxc5 Nxc5 12.Nc3 Ne6 13.Rfd1 Qc8 14.Be3 Rd8 
15.Nf3 Bc5 16.Bd4 Ne4 17.Rac1 Nxd4 18.Nxd4 Nf6 19.Na4 Bf8 20.Qxc8 Raxc8 
21.Bh3 Rc4 22.b3 Rxc1 23.Rxc1 Bd6 24.e3 g6 25.Nc6 Ra8 26.Nd4 Re8 27.Nc6 
Ra8 28.Nd4 Re8 29.Nc6 Ra8 30.Nd4 Re8 31.Nc6 b5 1/2-1/2

[Event "32nd WCh U20 Girls"]
[Site "Pune IND"]
[Date "2014.10.18"]
[Round "12.33"]
[White "Samudin, Elina"]
[Black "Turkova, Karolina"]
[Result "0-1"]
[WhiteElo "1623"]
[BlackElo "2033"]
[EventDate "2014.10.06"]
[PlyCount "52"]

1.e4 e5 2.Nf3 Nc6 3.Bc4 Nf6 4.d3 Be7 5.O-O O-O 6.c3 d6 7.Re1 Na5 8.Bb5 a6 
9.Ba4 b5 10.Bc2 c5 11.Nbd2 Re8 12.Nf1 Bf8 13.Ng3 g6 14.h3 Bg7 15.d4 cxd4 
16.cxd4 Nc6 17.Be3 exd4 18.Nxd4 Bb7 19.Nxc6 Bxc6 20.Bd4 Rc8 21.Qd2 d5 22.
exd5 Qxd5 23.f3 Nh5 24.Ne2 Rxe2 25.Qxe2 Bxd4+ 26.Kh2 Qd6+ 0-1

[Event "32nd WCh U20 Girls"]
[Site "Pune IND"]
[Date "2014.10.18"]
[Round "12.34"]
[White "Bala Kannamma, P."]
[Black "Caballero Quijano, Mitzy Mishell"]
[Result "1/2-1/2"]
[WhiteElo "2023"]
[BlackElo "1961"]
[EventDate "2014.10.06"]
[PlyCount "65"]

1.e4 e6 2.d4 d5 3.Nd2 c5 4.exd5 exd5 5.Ngf3 Nf6 6.Bb5+ Bd7 7.Bxd7+ Nbxd7 
8.O-O Be7 9.dxc5 Nxc5 10.Nb3 Nce4 11.Nfd4 Qd7 12.f3 Nd6 13.Kh1 O-O 14.Nc5 
Qc8 15.Nd3 Bd8 16.b3 Re8 17.Bb2 Bb6 18.Nf4 Qd7 19.Nde2 Nf5 20.Bxf6 Ne3 21.
Qd3 Nxf1 22.Rxf1 gxf6 23.Nxd5 Qd6 24.Ng3 Bd8 25.f4 Qe6 26.Rf3 Kh8 27.Nf1 
Rg8 28.Rh3 Rg7 29.Re3 Qc6 30.c4 Bb6 31.Re2 Rag8 32.g3 Rd8 33.Ne3 1/2-1/2

[Event "32nd WCh U20 Girls"]
[Site "Pune IND"]
[Date "2014.10.18"]
[Round "12.35"]
[White "Afraoui, Solenn"]
[Black "Chitlange, Sakshi"]
[Result "0-1"]
[WhiteElo "1989"]
[BlackElo "1827"]
[EventDate "2014.10.06"]
[PlyCount "140"]

1.e4 e6 2.d4 d5 3.Nc3 dxe4 4.Nxe4 Nd7 5.Nf3 Ngf6 6.Nxf6+ Nxf6 7.c3 c5 8.
Ne5 a6 9.Be3 Qc7 10.Qa4+ Nd7 11.Bd3 Bd6 12.Nf3 O-O 13.Rd1 h6 14.Bb1 f5 15.
Qb3 c4 16.Qc2 b5 17.Qe2 Nf6 18.O-O Ng4 19.h3 Nh2 20.Nxh2 Bxh2+ 21.Kh1 Bd6 
22.Bc1 Rf6 23.Bc2 Bb7 24.Bd2 Bd5 25.a4 Qc6 26.f3 Rff8 27.axb5 axb5 28.Ra1 
Ra6 29.Rfb1 Rfa8 30.Rxa6 Rxa6 31.Kg1 Ra2 32.Qf2 Bc7 33.f4 Qa8 34.Qf1 Bd6 
35.Kf2 Qa7 36.Qe1 Qb8 37.g3 Kf7 38.Ra1 Qa8 39.Rxa2 Qxa2 40.Qb1 Qa8 41.Kg1 
Bg2 42.Kh2 Bd5 43.Kg1 Kg8 44.Kh2 Qa7 45.Qg1 Qa2 46.Qb1 Qxb1 47.Bxb1 Kf7 
48.Kg1 Kf6 49.h4 Ke7 50.Kf2 Kd7 51.Ke2 Kc6 52.Bc2 Bc7 53.Be1 Bb6 54.Bd2 
Bc7 55.Be1 Bd6 56.Bd2 Kb6 57.Kd1 Bf3+ 58.Kc1 Kc6 59.Bd1 Bxd1 60.Kxd1 Kd5 
61.Ke2 Ke4 62.Be1 g6 63.Bd2 b4 64.Be1 bxc3 65.bxc3 Ba3 66.Bd2 Bb2 67.Be1 
Bc1 68.Bf2 h5 69.d5 exd5 70.Bd4 Bb2 0-1

[Event "32nd WCh U20 Girls"]
[Site "Pune IND"]
[Date "2014.10.18"]
[Round "12.36"]
[White "Mahasweta, Kumar"]
[Black "Shristi Shetty, J."]
[Result "1/2-1/2"]
[WhiteElo "1847"]
[BlackElo "1907"]
[EventDate "2014.10.06"]
[PlyCount "61"]

1.e4 c5 2.Nf3 Nc6 3.d4 cxd4 4.Nxd4 Nf6 5.Nc3 e5 6.Nf5 d5 7.exd5 Bxf5 8.
dxc6 Qxd1+ 9.Nxd1 bxc6 10.Ne3 Be6 11.Be2 Nd5 12.O-O Bc5 13.Bf3 Rc8 14.Rd1 
Nb6 15.Bd2 Ke7 16.b3 Rhd8 17.c4 h6 18.Kf1 f5 19.Bc3 Bd4 20.Bxd4 exd4 21.
Nc2 c5 22.Be2 a5 23.a4 f4 24.Bd3 Nd7 25.Re1 Kf6 26.Na3 Ne5 27.Rad1 g5 28.
Nb5 Rb8 29.Rd2 Nxd3 30.Rxd3 Bf5 31.Rd2 1/2-1/2

[Event "32nd WCh U20 Girls"]
[Site "Pune IND"]
[Date "2014.10.18"]
[Round "12.37"]
[White "Djogteva, Jekaterina"]
[Black "Lalaoui, Feriel"]
[Result "1-0"]
[WhiteElo "1754"]
[BlackElo "1739"]
[EventDate "2014.10.06"]
[PlyCount "49"]

1.e4 e5 2.Nf3 Nc6 3.Bc4 Bc5 4.c3 Nf6 5.d3 a6 6.Bb3 d6 7.Nbd2 Ba7 8.h3 h6 
9.Nf1 O-O 10.g4 d5 11.Ng3 dxe4 12.dxe4 Qe7 13.g5 hxg5 14.Bxg5 Rd8 15.Qe2 
Kh7 16.Nh5 Be6 17.Nh4 Qc5 18.Nxf6+ gxf6 19.Be3 Qb5 20.Qh5+ Kg8 21.Qh6 Bxe3
22.fxe3 Bg4 23.Qg6+ Kh8 24.Qxf6+ Kh7 25.Qxf7+ 1-0

[Event "32nd WCh U20 Girls"]
[Site "Pune IND"]
[Date "2014.10.18"]
[Round "12.38"]
[White "Terzidaki, Alexandra"]
[Black "Cuvelier, Annelies"]
[Result "1-0"]
[WhiteElo "1902"]
[BlackElo "1619"]
[EventDate "2014.10.06"]
[PlyCount "45"]

1.e4 e5 2.Nf3 Nc6 3.d4 exd4 4.c3 Nf6 5.e5 Qe7 6.cxd4 Ne4 7.Nc3 Nxc3 8.bxc3
d5 9.Qb3 Qd7 10.Bd3 Be7 11.O-O f6 12.exf6 Bxf6 13.Re1+ Ne7 14.Ng5 h6 15.
Bg6+ Kf8 16.Nh7+ Kg8 17.Nxf6+ gxf6 18.Bh5 Rh7 19.Ba3 Kf8 20.Rxe7 Rxe7 21.
Re1 Qd6 22.Bxd6 cxd6 23.Rxe7 1-0

[Event "32nd WCh U20 Girls"]
[Site "Pune IND"]
[Date "2014.10.19"]
[Round "13.1"]
[White "Goryachkina, Alexandra"]
[Black "Iwanow, Anna"]
[Result "1/2-1/2"]
[WhiteElo "2430"]
[BlackElo "2279"]
[EventDate "2014.10.06"]
[PlyCount "46"]

1.d4 Nf6 2.c4 c5 3.d5 e6 4.Nc3 exd5 5.cxd5 d6 6.Nf3 g6 7.Bf4 a6 8.a4 Bg7 
9.h3 O-O 10.e3 Re8 11.Be2 Nbd7 12.O-O Ne5 13.Nd2 Nfd7 14.Bg3 f5 15.f4 Nf7 
16.Bf2 b6 17.Re1 Nf6 18.Bc4 Ra7 19.Qc2 Nh5 20.Be2 Nf6 21.Bc4 Nh5 22.Be2 
Nf6 23.Bc4 Nh5 1/2-1/2

[Event "32nd WCh U20 Girls"]
[Site "Pune IND"]
[Date "2014.10.19"]
[Round "13.2"]
[White "Chumpitaz Carbajal, Ann"]
[Black "Kurbonboeva, Sarvinoz"]
[Result "1/2-1/2"]
[WhiteElo "2201"]
[BlackElo "2212"]
[EventDate "2014.10.06"]
[PlyCount "68"]

1.d4 Nf6 2.c4 g6 3.Nc3 Bg7 4.e4 d6 5.Nf3 O-O 6.Be2 e5 7.O-O exd4 8.Nxd4 
Re8 9.f3 Nc6 10.Be3 Nh5 11.Re1 Qh4 12.Nxc6 bxc6 13.Bf2 Qg5 14.Bf1 Rb8 15.
Qc2 c5 16.Rad1 Be5 17.g3 f5 18.Bg2 f4 19.g4 Ng7 20.b3 Ne6 21.Ne2 Qf6 22.
Rd3 c6 23.Qd2 Rb7 24.Rb1 Bd7 25.Rd1 Qf8 26.Qa5 Reb8 27.Qe1 Be8 28.Bh4 g5 
29.Bf2 h5 30.h3 Rh7 31.Qa5 Bg6 32.Qa4 Be8 33.Qa5 Bg6 34.Qa4 Be8 1/2-1/2

[Event "32nd WCh U20 Girls"]
[Site "Pune IND"]
[Date "2014.10.19"]
[Round "13.3"]
[White "Khademalsharieh, Sarasadat"]
[Black "Srija, Seshadri"]
[Result "1-0"]
[WhiteElo "2366"]
[BlackElo "2099"]
[EventDate "2014.10.06"]
[PlyCount "75"]

1.d4 d5 2.c4 e6 3.Nc3 Nf6 4.cxd5 exd5 5.Bg5 c6 6.e3 Be7 7.Qc2 Nbd7 8.Bd3 
Nf8 9.Nge2 Ne6 10.Bh4 g6 11.O-O Ng7 12.f3 O-O 13.Rae1 Be6 14.Kh1 Rc8 15.e4
c5 16.e5 Nd7 17.Bxe7 Qxe7 18.Qd2 a6 19.f4 Nb6 20.dxc5 Qxc5 21.Rc1 Nc4 22.
Bxc4 dxc4 23.Ne4 Qe7 24.Nf6+ Kh8 25.f5 Nxf5 26.Nd4 Rg8 27.Nxg8 Kxg8 28.
Rfd1 Nxd4 29.Qxd4 Qc5 30.Qf4 b5 31.Rd6 a5 32.Qf6 Bf5 33.Rcd1 Rf8 34.R1d4 
h5 35.Rd8 Kh7 36.h3 b4 37.e6 Bxe6 38.R4d6 1-0

[Event "32nd WCh U20 Girls"]
[Site "Pune IND"]
[Date "2014.10.19"]
[Round "13.4"]
[White "Padmini, Rout"]
[Black "Brunello, Marina"]
[Result "1-0"]
[WhiteElo "2331"]
[BlackElo "2275"]
[EventDate "2014.10.06"]
[PlyCount "75"]

1.e4 c5 2.Nf3 d6 3.d4 cxd4 4.Nxd4 Nf6 5.Nc3 a6 6.Qf3 e6 7.g4 Nc6 8.Nxc6 
bxc6 9.g5 Nd7 10.Bf4 Rb8 11.O-O-O Qb6 12.b3 Qc5 13.Kb2 a5 14.Na4 Qb4 15.a3
Qb7 16.Bxd6 Bxd6 17.Rxd6 Qc7 18.Qg3 O-O 19.Bc4 Nb6 20.Nxb6 Qxb6 21.Rhd1 
Ba6 22.Bxa6 Qxa6 23.Qd3 Qb6 24.Rd2 Qc5 25.f4 g6 26.Qc3 Qxc3+ 27.Kxc3 e5 
28.Rxc6 exf4 29.Rf2 Rb5 30.h4 Kg7 31.Rxf4 h6 32.gxh6+ Kxh6 33.Kc4 Re5 34.
b4 axb4 35.axb4 Kh5 36.Rc5 Re8 37.Rxe5+ Rxe5 38.b5 1-0

[Event "32nd WCh U20 Girls"]
[Site "Pune IND"]
[Date "2014.10.19"]
[Round "13.5"]
[White "Pustovoitova, Daria"]
[Black "Arabidze, Meri"]
[Result "0-1"]
[WhiteElo "2354"]
[BlackElo "2409"]
[EventDate "2014.10.06"]
[PlyCount "92"]

1.d4 Nf6 2.c4 e6 3.g3 d5 4.Nf3 Bb4+ 5.Bd2 Be7 6.Bg2 O-O 7.O-O c6 8.Qc2 
Nbd7 9.Rd1 b6 10.Bf4 Ba6 11.b3 Rc8 12.Ne5 Nxe5 13.Bxe5 c5 14.Nc3 cxd4 15.
Bxd4 Qc7 16.f4 dxc4 17.Kh1 b5 18.e4 b4 19.Na4 Bb5 20.Nb2 c3 21.Nd3 Rfd8 
22.Nf2 a5 23.h3 Rd7 24.e5 Nd5 25.Ne4 Rcd8 26.Qf2 Rc8 27.Rac1 g6 28.g4 Bf8 
29.f5 Bh6 30.Rc2 Ne3 31.Nf6+ Kg7 32.Qh4 Rxd4 33.Rxd4 Qxe5 34.g5 Bxg5 35.
Qxg5 Qxd4 36.Nh5+ Kh8 37.fxg6 fxg6 38.Nf4 Nxc2 39.Nxg6+ hxg6 40.Qh6+ Kg8 
41.Qxg6+ Kf8 42.Qxe6 Rc7 43.Qf5+ Rf7 44.Qxb5 Qd1+ 45.Kh2 Qd6+ 46.Kh1 Ne3 
0-1

[Event "32nd WCh U20 Girls"]
[Site "Pune IND"]
[Date "2014.10.19"]
[Round "13.6"]
[White "Petrukhina, Irina"]
[Black "Zhai Mo"]
[Result "0-1"]
[WhiteElo "2218"]
[BlackElo "2339"]
[EventDate "2014.10.06"]
[PlyCount "96"]

1.d4 Nf6 2.c4 e6 3.Nf3 d5 4.g3 Be7 5.Bg2 O-O 6.Qc2 c5 7.O-O cxd4 8.Nxd4 
Nc6 9.Nxc6 bxc6 10.b3 Ba6 11.Nd2 Qb6 12.Bb2 Rfd8 13.e3 Rac8 14.Rfd1 c5 15.
cxd5 exd5 16.Rac1 Qe6 17.Nf3 h6 18.Qc3 d4 19.exd4 cxd4 20.Qa5 Rxc1 21.Rxc1
Rd5 22.Qd2 Ne4 23.Nxd4 Nxd2 24.Nxe6 fxe6 25.Bxd5 exd5 26.Rc7 Bf8 27.Rxa7 
Bd3 28.h4 Nf3+ 29.Kg2 Be4 30.h5 d4 31.Kf1 d3 32.Bc3 Bf5 33.Kg2 d2 34.Bxd2 
Nxd2 35.f3 Be6 36.a4 Nxb3 37.a5 Bd5 38.g4 Bc6 39.a6 Bd6 40.Kh3 Nd4 41.g5 
hxg5 42.Kg4 Bf4 43.h6 Bxf3+ 44.Kh3 Nf5 45.Rxg7+ Nxg7 46.hxg7 Kxg7 47.a7 
g4+ 48.Kh4 g3 0-1

[Event "32nd WCh U20 Girls"]
[Site "Pune IND"]
[Date "2014.10.19"]
[Round "13.7"]
[White "Furtado, Ivana Maria"]
[Black "Ibrahimova, Sabina"]
[Result "0-1"]
[WhiteElo "2165"]
[BlackElo "2271"]
[EventDate "2014.10.06"]
[PlyCount "108"]

1.Nf3 c5 2.b3 Nc6 3.Bb2 d6 4.d4 cxd4 5.Nxd4 Nf6 6.g3 g6 7.Bg2 Bd7 8.O-O 
Bg7 9.c4 O-O 10.Nc2 a6 11.Nc3 Ne8 12.Rb1 Qa5 13.Nd5 Rb8 14.Nd4 Qd8 15.Qd2 
Nc7 16.Rfd1 Ne6 17.Nc2 b5 18.cxb5 axb5 19.Ncb4 Nxb4 20.Nxb4 Nc5 21.Bxg7 
Kxg7 22.Rbc1 Rc8 23.e4 f6 24.Kh1 Qa5 25.Rc2 Be6 26.Nd5 Qxd2 27.Rdxd2 Bxd5 
28.exd5 b4 29.Rc4 Rb8 30.Bf1 Rb7 31.Kg2 Ra8 32.Kf3 f5 33.h4 Ne4 34.Rdc2 
Nc3 35.a4 bxa3 36.R4xc3 a2 37.Rxa2 Rxa2 38.Bc4 Rc7 39.Ke3 e5 40.Rd3 Rb2 
41.Rd2 f4+ 42.Ke2 Rxd2+ 43.Kxd2 fxg3 44.fxg3 Kf6 45.Bd3 e4 46.Bxe4 Ke5 47.
Bf3 Kd4 48.g4 Rf7 49.Be2 Ra7 50.Bd3 Kxd5 51.Ke3 Ke5 52.b4 Ra4 53.h5 Rxb4 
54.g5 Rb3 0-1

[Event "32nd WCh U20 Girls"]
[Site "Pune IND"]
[Date "2014.10.19"]
[Round "13.8"]
[White "Ni Shiqun"]
[Black "Mahalakshmi, Muganda Kumar"]
[Result "1-0"]
[WhiteElo "2312"]
[BlackElo "1997"]
[EventDate "2014.10.06"]
[PlyCount "83"]

1.e4 c6 2.d4 d5 3.Nd2 dxe4 4.Nxe4 Bf5 5.Ng3 Bg6 6.h4 h6 7.Nf3 Nd7 8.h5 Bh7
9.Bd3 Bxd3 10.Qxd3 Ngf6 11.Bd2 e6 12.O-O-O Qc7 13.Ne4 Nxe4 14.Qxe4 Nf6 15.
Qe2 O-O-O 16.g3 Bd6 17.c4 c5 18.Bc3 cxd4 19.Nxd4 a6 20.Kb1 Rd7 21.Rc1 Kb8 
22.Nb3 Bc5 23.Be5 Bd6 24.Bxf6 gxf6 25.c5 Be5 26.c6 Rd6 27.cxb7 Qxb7 28.
Rhd1 Qb6 29.Rxd6 Bxd6 30.Qd2 Rc8 31.Rxc8+ Kxc8 32.Qc3+ Bc7 33.Qxf6 Qb5 34.
Qxh6 Qf5+ 35.Ka1 Qxf2 36.a3 Qxg3 37.Qf8+ Kb7 38.Ka2 Qf2 39.h6 Be5 40.Na5+ 
Kc7 41.Qe7+ Kb6 42.Qb7+ 1-0

[Event "32nd WCh U20 Girls"]
[Site "Pune IND"]
[Date "2014.10.19"]
[Round "13.9"]
[White "Gu Tianlu"]
[Black "Nguyen Thi Mai Hung"]
[Result "1/2-1/2"]
[WhiteElo "2055"]
[BlackElo "2299"]
[EventDate "2014.10.06"]
[PlyCount "134"]

1.Nf3 d5 2.g3 Bf5 3.Bg2 e6 4.O-O Nf6 5.b3 Bd6 6.Bb2 O-O 7.c4 c6 8.d3 Nbd7 
9.Nbd2 h6 10.Qc2 Qe7 11.a3 a5 12.Rfe1 Bh7 13.e4 dxe4 14.Nxe4 Nxe4 15.dxe4 
Rfd8 16.Qc3 e5 17.Re2 f6 18.Nh4 Bc5 19.Qf3 Nf8 20.Bh3 Ne6 21.Bf5 Ng5 22.
Bxh7+ Kxh7 23.Qf5+ Kg8 24.Ng6 Qd7 25.Kg2 Qxf5 26.exf5 Rd3 27.f4 exf4 28.
Nxf4 Rxb3 29.Rd1 a4 30.Rd7 Nf7 31.Ne6 Re8 32.Red2 Bd6 33.c5 Bf8 34.h4 Re7 
35.R7d3 Rxd3 36.Rxd3 Re8 37.g4 Rb8 38.Bd4 Nd8 39.Nf4 Nf7 40.Ne6 Nd8 41.Nf4
Nf7 42.Ne6 Be7 43.Kg3 Nd8 44.Nf4 b6 45.cxb6 c5 46.Be3 Rxb6 47.Bxc5 Bxc5 
48.Rxd8+ Kf7 49.Rd7+ Ke8 50.Rxg7 Rb3+ 51.Kg2 Rxa3 52.Ne6 Be3 53.g5 hxg5 
54.h5 Ra2+ 55.Kf3 Bc1 56.Nc7+ Kf8 57.Ne6+ Ke8 58.Rc7 Ra1 59.Kg4 Bf4 60.
Nxf4 gxf4 61.h6 Rh1 62.h7 Kf8 63.Kxf4 a3 64.Ra7 a2 65.Ke4 Rxh7 66.Ra8+ Ke7
67.Rxa2 Rh1 1/2-1/2